Atlas náboženství Česka = The atlas of religions in Czechia /

Hlavní autor: Havlíček, Tomáš, 1966-
Korporativní autor: Univerzita Karlova
Další autoři: Klingorová, Kamila, Lysák, Jakub
Jazyk: Čeština
Angličtina
Vydáno: Praha : Karolinum, 2017
Vydání: Vydání první
Témata:
Fyzický popis: 223 stran : barevné ilustrace, mapy ; 25 x 31 cm
Language note: Souběžný anglický text
Knihy
Uloženo v:
LEADER 03328cam a2200865 i 4500
001 nkc20182970698
003 CZ PrNK
005 20210610141724.0
007 ta
008 171229s2017 xr ab e 000 0 cze d
015 |a cnb002970698 
020 |a 978-80-246-3794-5  |q (vázáno) 
035 |a (OCoLC)1031054532 
040 |a KLG001  |b cze  |d ABA001  |e rda 
041 1 |a cze  |a eng  |h cze 
043 |a e-xr--- 
045 |a x8y1 
072 7 |a 2  |x Náboženství  |2 Konspekt  |9 5 
080 |a 21/29-1/-9  |2 MRF 
080 |a 2-184.3  |2 MRF 
080 |a 2-1  |2 MRF 
080 |a 316  |2 MRF 
080 |a 271/279  |2 MRF 
080 |a 2-78  |2 MRF 
080 |a 2-8  |2 MRF 
080 |a 2-67  |2 MRF 
080 |a 726  |2 MRF 
080 |a (437.3)  |2 MRF 
080 |a (084.42)  |2 MRF 
080 |a (048.8)  |2 MRF 
100 1 |a Havlíček, Tomáš,  |d 1966-  |7 mzk2003202407  |4 aut 
245 1 0 |a Atlas náboženství Česka =  |b The atlas of religions in Czechia /  |c Tomáš Havlíček, Kamila Klingorová, Jakub Lysák et al. 
246 3 1 |a Atlas of religions in Czechia 
250 |a Vydání první 
264 1 |a Praha :  |b Karolinum,  |c 2017 
300 |a 223 stran :  |b barevné ilustrace, mapy ;  |c 25 x 31 cm 
336 |a text  |b txt  |2 rdacontent 
336 |a statický obraz  |b sti  |2 rdacontent 
337 |a bez média  |b n  |2 rdamedia 
338 |a svazek  |b nc  |2 rdacarrier 
504 |a Obsahuje bibliografii a bibliografické odkazy 
546 |a Souběžný anglický text 
550 |a Vydavatel: Univerzita Karlova 
648 7 |a od 1989  |7 ch462156  |2 czenas 
650 0 7 |a náboženství  |7 ph115485  |z Česko  |y od 1989  |2 czenas 
650 0 7 |a náboženská víra  |7 ph115476  |z Česko  |y od 1989  |2 czenas 
650 0 7 |a religiozita  |7 ph125113  |z Česko  |y od 1989  |2 czenas 
650 0 7 |a religiozita  |7 ph125113  |x sociologické aspekty  |y od 1989  |2 czenas 
650 0 7 |a křesťanské církve  |7 ph122117  |z Česko  |y od 1989  |2 czenas 
650 0 7 |a náboženské společnosti  |7 ph123381  |z Česko  |y od 1989  |2 czenas 
650 0 7 |a náboženská hnutí  |7 ph123372  |z Česko  |y od 1989  |2 czenas 
650 0 7 |a náboženství a společnost  |7 ph138511  |z Česko  |y od 1989  |2 czenas 
650 0 7 |a sakrální stavby  |7 ph137431  |z Česko  |2 czenas 
650 0 9 |a religion  |z Czechia  |y 1989-  |2 eczenas 
650 0 9 |a religious faith  |z Czechia  |y 1989-  |2 eczenas 
650 0 9 |a religiosity  |z Czechia  |y 1989-  |2 eczenas 
650 0 9 |a religiosity  |x sociological aspects  |y 1989-  |2 eczenas 
650 0 9 |a Christian churches  |z Czechia  |y 1989-  |2 eczenas 
650 0 9 |a religious societies  |z Czechia  |y 1989-  |2 eczenas 
650 0 9 |a religious movements  |z Czechia  |y 1989-  |2 eczenas 
650 0 9 |a religion and society  |z Czechia  |y 1989-  |2 eczenas 
650 0 9 |a sacred buildings  |z Czechia  |2 eczenas 
655 7 |a atlasy  |7 fd131835  |2 czenas 
655 7 |a přehledy  |7 fd133202  |2 czenas 
655 9 |a atlases  |2 eczenas 
655 9 |a surveys  |2 eczenas 
700 1 |a Klingorová, Kamila  |7 pna2018981363  |4 aut 
700 1 |a Lysák, Jakub  |7 pna2018981365  |4 aut 
710 2 |a Univerzita Karlova  |7 kn20010710036  |4 isb 
910 2 |a BOA001  |b 4-1403.795 
920 |a 1163435  |z KLG001 
990 |a BK 
995 |a 01 
996 6 |b 2610736289  |c 4-1403.795  |l MZK  |r Sklad / do 1 hodiny  |n 4  |p p.v.  |w 001653810  |u 000010  |a 1  |e BOA001  |j MZK50  |s P 
996 6 |b 2610737150  |c 4-1403.795  |l MZK  |r HSS 4p  |n 0  |p kup  |h 2 HAV  |w 001653810  |u 000020  |a 0  |e BOA001  |j MZK50  |s P